Slavistika a balkanistika. - Brno. - 2001 [Rezension]
| Titel: | Slavistika a balkanistika. - Brno. - 2001 [Rezension] |
|---|---|
| Verfasser: | |
| In: |
Slavia Occidentalis, Band 60 (2003), Seite 157-158 alle Artikel anzeigen |
| Veröffentlicht: | 2003 |
| Format: | Aufsatz |
| Sprache: | Tschechisch |
X
alg: 39523605 001A $01999:12-11-16 001B $01999:09-08-21 $t17:44:27.000 001D $01999:12-11-16 001U $0utf8 001X $00 002@ $0Aox 003@ $0395236053 007A $0395236053 $aHEB 007T $0Herdp35685 010@ $acze 011@ $a2003 021A $aSlavistika a balkanistika. - Brno. - 2001 [Rezension] 028A $7 $8Pospíšil, Ivo [Tnd] $9138864837 031A $d60 $h157-158 $j2003 039B $aIn $8--Abvc--. Slavia Occidentalis. - Poznań : Wydawn. PTPN, 1921-. - ISSN 0081-0002 $x200300000600000843 $9047502010 039T $8--Aau--. Slavistika a balkanistika. - 1. vyd.. - Brno, 2001. - 161 S.. - ISBN 80-210-2565-4 $9129033804 045F $a900.94371 $eDDC23BSB 045F/01 $a900 045F/03 $g4371 045T $a8,1 $a7,41 $a7,39 lok: 39523605 78 exp: 39523605 78 1 #EPN 201B/01 $026-11-17 $t04:22:50.000 201U/01 $0utf8 203@/01 $0791571459 208@/01 $a12-11-16 $be 209A/01 $a/ $f000 $x00 220C/01 $aHerkunft: Hú Av Čr Praha 244Z/01 $#Tschechien $#Tschechische Republik $#Tschechische Republik $#Tschechenland $#Tschechei Tschechien $#Česká Republika $#Czech Republic $#ČR $74303381-7 $8--Tg1--Tschechien $x01 $9086659812 244Z/01 $2Trx $#Böhmen $#Bohemia $#Czechy $8--Trx--Čechy $x02 $9391188941 244Z/01 $2Trx $#arvustused $#recenzijos $#Reviews $#recenziók $#recenzje $#recenzie $#recenze $8--Trx--Rezensionen $x03 $9391357441 247C/01 $82080>Marburg/Lahn, Herder-Institut, Forschungsbibliothek, Bibliographieportal $9336309341
| LEADER | 00000caa a22000002c 4500 | ||
|---|---|---|---|
| 001 | 395236053 | ||
| 003 | DE-603 | ||
| 005 | 20210809174427.0 | ||
| 007 | tu | ||
| 008 | 161112s2003 xx |||| | u00||u|cze c | ||
| 035 | |a (DE-599)HEB395236053 | ||
| 040 | |a DE-603 |b ger |c DE-603 |d DE-603 | ||
| 041 | |a cze | ||
| 082 | 0 | 4 | |8 1\u |a 900.94371 |q DE-101 |2 23/BSB |
| 084 | |a 8,1 |a 7,41 |a 7,39 |2 ssgn | ||
| 085 | |8 1\u |b 900 | ||
| 085 | |8 1\u |z 2 |s 4371 | ||
| 100 | 1 | |a Pospíšil, Ivo |0 (DE-603)138864837 | |
| 245 | 0 | 0 | |a Slavistika a balkanistika. - Brno. - 2001 [Rezension] |
| 264 | 0 | |c 2003 | |
| 773 | 0 | 8 | |i In |t Slavia Occidentalis |d Poznań : Wydawn. PTPN, 1921- |x 0081-0002 |g Band 60 (2003), Seite 157-158 |w (DE-603)047502010 |w (DE-600)339118-8 |
| 787 | 0 | 8 | |i Rezension von |t Slavistika a balkanistika |b 1. vyd. |d Brno, 2001 |h 161 S. |z 8021025654 |w (DE-603)129033804 |
| 924 | 0 | |9 2080 |a (DE-603)791571459 |b DE-2080 |c HES |d d |g / | |


